Nghệ thuật tiểu thuyết Ngô Tất Tố
Ngô Tất Tố - chân dung một nhà văn hóa. Thể tài phong tục - xã hội trong tiểu thuyết của Ngô Tất Tố. Những nét đặc sắc của tiểu thuyết Ngô Tất Tố
Zapisane w:
| 1. autor: | |
|---|---|
| Kolejni autorzy: | |
| Format: | Książka |
| Język: | Vietnamese |
| Wydane: |
Đà Nẵng
Đại học Đà Nẵng
2009
|
| Hasła przedmiotowe: | |
| Etykiety: |
Dodaj etykietę
Nie ma etykietki, Dołącz pierwszą etykiete!
|
| Thư viện lưu trữ: | Mạng thư viện Đại học Đà Nẵng |
|---|
| LEADER | 01539nam a2200349 4500 | ||
|---|---|---|---|
| 001 | 000010604 | ||
| 003 | 6810 | ||
| 005 | 20111215151244.0 | ||
| 008 | 111215s2009 viesd | ||
| 041 | |a vie | ||
| 072 | |a Luận văn Thạc sĩ Khoa học xã hội và nhân văn | ||
| 082 | |a 895.922334 |b NG-P | ||
| 100 | |a Nguyễn Minh Phong | ||
| 245 | |a Nghệ thuật tiểu thuyết Ngô Tất Tố |c Nguyễn Minh Phong | ||
| 260 | |a Đà Nẵng |b Đại học Đà Nẵng |c 2009 | ||
| 300 | |a 95tr. |c 29 cm | ||
| 500 | |a Luận văn Thạc sĩ Khoa học xã hội và nhân văn. Chuyên ngành: Văn học Việt Nam. Mã số: 60.22.34 | ||
| 520 | |a Ngô Tất Tố - chân dung một nhà văn hóa. Thể tài phong tục - xã hội trong tiểu thuyết của Ngô Tất Tố. Những nét đặc sắc của tiểu thuyết Ngô Tất Tố | ||
| 653 | |a Văn học Việt Nam | ||
| 653 | |a Luận văn Thạc sĩ Khoa học xã hội và nhân văn | ||
| 653 | |a Ngô Tất Tố | ||
| 700 | |a Nguyễn Phong Nam |c PGS.TS |e Hướng dẫn | ||
| OWN | |a LSP | ||
| AVA | |a UDN50 |b LSP |d 895.922334 NG-P |e available |t Error 5001 Not defined in file expand_doc_bib_avail. |f 1 |g 0 |h N |i 0 |k 1 | ||
| 999 | |a From the UDN01 | ||
| AVA | |a UDN50 |b LSP |d 895.922334 NG-P |e available |t Error 5001 Not defined in file expand_doc_bib_avail. |f 1 |g 0 |h N |i 0 |k 1 | ||
| TYP | |a Monograph | ||
| TYP | |a Printed language | ||
| 980 | |a Mạng thư viện Đại học Đà Nẵng | ||